Here begynneth the Complaynte of them that ben to late maryed..

Bibliographic Details
Main Author: Copland, Robert, fl. 1508-1547
Format: eBook
Language:English
Published: [S.l. : publisher not identified, 1518?]
Series:Early English books online.
Subjects:
Online Access:Connect to the full text of this electronic book

MARC

Tag First Indicator Second Indicator Subfields
LEADER 00000nam a2200000Ia 4500
001 in00004182713
005 20200807084523.0
006 m g d
007 cr bn |||a|bb|
008 061013s1518 xx a o 000 0 eng d
035 |a (OCoLC)72798882 
040 |a UMI  |c UMI  |e dcrb 
037 |a CL0036000076  |b ProQuest Information and Learning. 300 N. Zeeb Rd., Ann Arbor, MI 48106 
090 |a PR1121.C66  |b 1518 
049 |a UMIA 
100 1 |a Copland, Robert,  |d fl. 1508-1547. 
245 1 0 |a Here begynneth the Complaynte of them that ben to late maryed.. 
246 3 |a Here beginneth the complaint of them that been to late martyred 
246 3 0 |a Complaynte of them that ben to late maryed 
246 3 |a Complaint of them that been to late martyred 
260 |a [S.l. :  |b publisher not identified,  |c 1518?] 
300 |a 1 online resource ([16] pages :  |b illustrations. 
336 |a text  |b txt  |2 rdacontent 
337 |a computer  |b c  |2 rdamedia 
338 |a online resource  |b cr  |2 rdacarrier 
500 |a Date of publication suggested by STC (2nd edition). 
500 |a Printer's device on colophon (McK. 12), initials. 
500 |a Signatures: A-B⁴. 
500 |a In verse. 
500 |a Reproduction of original in: Henry E. Huntington Library and Art Gallery. 
510 4 |a STC (2nd edition)  |c 5728.5 
533 |a Electronic reproduction.  |b Ann Arbor, Mich. :  |c UMI,  |d 1999-  |f (Early English books online)  |n Digital version of: (Early English books, 1475-1640 ; 2222:3)  |7 s1999 miun s 
650 0 |a English poetry  |y Early modern, 1500-1700. 
650 0 |a English literature  |y Early modern, 1500-1700. 
830 0 |a Early English books online. 
856 4 0 |u http://proxy.library.tamu.edu/login?url=https://search.proquest.com/docview/2240876668  |z Connect to the full text of this electronic book  |t 0 
994 |a 02  |b UMI 
999 f f |s 05f1b508-ef42-317b-b0f2-2bd547cfbf74  |i 71a3582c-e91f-3853-acd1-ad6166f35845  |t 0 
952 f f |a Texas A&M University  |b College Station  |c Electronic Resources  |d Available Online  |t 0  |e PR1121.C66 1518  |h Library of Congress classification 
998 f f |a PR1121.C66 1518  |t 0  |l Available Online